000 00914nam a2200217Ii 4500
003 JO-AjNU
008 230605s9999||||xx |||||||||||||| ||und||
017 _a1987/4230
020 _a977-05-0568-4
040 _aJO-AjNU
_bara
_erda
_cJO-AjNU
041 _aara
050 1 4 _aGA105.3 1987
100 3 _aالشرنوبي، محمد عبد الرحمن,
_eauthor
_917573
245 0 0 _aخرائط التوزيعات البشرية: الخرائط الاقتصادية - الخرائط السكانية - خرائط السكن - الرسوم البيانية
264 3 1 _aالقاهرة: مكتبة الانجلو المصرية، 1987
300 _a165ص
_bخرائط وصور توضيحية
336 _atext
_btxt
_2rdacontent
337 _aunmediated
_bn
_2rdamedia
338 _avolume
_bnc
_2rdacarrier
650 4 _aالخرائط-رسم خرائط- خرائط سكانية- خرائط اقتصادية
_917574
999 _aA5455
_c9023
_d9023